| 000 | 00915nam a2200229Ia 4500 | ||
|---|---|---|---|
| 999 |
_c36836 _d36836 |
||
| 001 | 2782 | ||
| 003 | GE_BSU | ||
| 005 | 20190507111345.0 | ||
| 008 | 181216s2 ||||ge |||||||||||||| ||geo|| | ||
| 040 | _cGE_BSU | ||
| 041 | _ageo | ||
| 080 | _a910(04) ჯ–67 | ||
| 100 |
_aჯოლია, გურამ _9770 |
||
| 245 |
_aქვეყანათმცოდნეობა : ევროპა / _cგურამ ჯოლია ; რედ. თემურ ჯაგოდნიშვილი |
||
| 264 |
_aთბილისი ; _c2004. |
||
| 300 |
_a208გვ . : _bფოტ. _c20 სმ. |
||
| 504 | _aბიბლიოგრ.: გვ. 206-207. | ||
| 653 | _aევროპის ქვეყნები | ||
| 653 | _aქვეყანათმცოდნეობა | ||
| 700 |
_a ჯაგოდნიშვილი,თემურ _eრედაქტორი _9841 |
||
| 942 |
_cBK _2udc |
||